000 00351nam a22001217a 4500
999 _c3571
_d3571
005 20201208102724.0
008 201208b ||||| |||| 00| 0 eng d
020 _a0435046497
040 _cCML
245 _aDeveloping Pupil Responsibilities.
_cNoble C.
260 _aOxford
_bHeinemann
_c2002
942 _2ddc
_cBK
_e1st Edition
_h375
_mCOL